Statistics for Biggest Muslim Cities Quiz

Click here to take the quiz!

General Stats

  • This quiz has been taken 46,934 times
    (14,324 since last reset)
  • The average score is 15 of 26

Answer Stats

Population City % Correct
20.5 milCairo
91%
15.0 milTehran
88%
30.6 milJakarta
87%
15.8 milIstanbul
86%
6.85 milBaghdad
84%
7.75 milRiyadh
80%
4.90 milDubai
76%
4.98 milAnkara
73%
17.3 milKarachi
71%
3.90 milAlgiers
70%
3.75 milDamascus
69%
5.70 milAlexandria
64%
19.5 milDhaka
61%
4.15 milKabul
61%
4.43 milCasablanca
58%
12.6 milLahore
56%
6.15 milKhartoum
55%
5.45 milAmman
53%
4.68 milKuwait City
51%
4.78 milJeddah
39%
3.60 milDakar
31%
6.00 milSurabaya
23%
4.83 milChittagong
20%
6.85 milBandung
20%
3.95 milMedan
12%
4.55 milKano
11%

Score Distribution

Percentile by Number Answered

Percent of People with Each Score

Your Score History

You have not taken this quiz since the last reset